Nhà toán học Evarit-Ga-Loa

Na minha lista:
Detalhes bibliográficos
Autor principal: Song Mai (chủ biên)
Formato: Livro
Idioma:Vietnamese
Publicado em: H. Nxb. Văn hóa thông tin; Công ty văn hóa Việt 2005
Assuntos:
Tags: Adicionar Tag
Sem tags, seja o primeiro a adicionar uma tag!
Thư viện lưu trữ: Mạng thư viện Đại học Đà Nẵng
LEADER 01069nam a2200313 4500
001 000014880
003 11250
005 20120516090531.0
008 120516s2005 viesd
020 |c 14000 
041 0 |a vie 
082 |a 920.02  |b SO-M 
100 0 |a Song Mai  |e chủ biên 
245 0 |a Nhà toán học Evarit-Ga-Loa  |c Chủ biên: Song Mai; biên soạn: Lê Nghĩa 
260 |a H.  |b Nxb. Văn hóa thông tin; Công ty văn hóa Việt  |c 2005 
300 |a 135tr.  |c 19 cm 
500 |a Truyện kể về các danh nhân thế giới 
653 |a nhà toán học 
653 |a Evarit-Ga-Loa 
OWN |a LSP 
AVA |a UDN50  |b LSP  |d 920.02 SO-M  |e available  |t Error 5001 Not defined in file expand_doc_bib_avail.  |f 4  |g 0  |h N  |i 0  |k 1 
999 |a From the UDN01 
AVA |a UDN50  |b LSP  |d 920.02 SO-M  |e available  |t Error 5001 Not defined in file expand_doc_bib_avail.  |f 4  |g 0  |h N  |i 0  |k 1 
TYP |a Monograph 
TYP |a Printed language 
980 |a Mạng thư viện Đại học Đà Nẵng